| 000 | 00662nam a2200181 a 4500 | ||
|---|---|---|---|
| 001 | 000040421 | ||
| 005 | 20201002034125.0 | ||
| 008 | 130823s2003 mx 000 0 spa d | ||
| 020 | _a9703201407 | ||
| 040 |
_aDO-SdBNP _bspa _cBNPHU |
||
| 100 | 1 |
_aRecasens siches, Luis _962416 |
|
| 245 | 1 | 0 |
_aHistoria de las doctrinas sobre el contrato social / _cLuis Recasens siches. |
| 260 |
_aMéxico : _bUniversidad Nacional Autónoma de México, _c2003. |
||
| 300 |
_a33 p. ; _c21 cm. |
||
| 490 | 1 |
_aLectura jurídicas _aEstudios jurídicos _v15 |
|
| 710 | 2 |
_aUniversidad Nacional Autónoma de México, _942447 |
|
| 830 | 0 |
_aLectura jurídicas _aEstudios jurídicos _v15 _966718 |
|
| 999 |
_c39911 _d39911 |
||